Представление документа в формате MARC21

Поле Инд. ПП Название Значение
Тип записи a
Библиографический уровень a
001 Контрольный номер 4dd65873745549aeb2b2b512662d81b9
005 Дата корректировки 20220915093057.8
020 a ISBN 5-230-07805-7
040 a Служба первич. каталог. RU-RKP
b Код языка каталог. rus
e Правила каталог. PSBO
041 0_ a Код языка текста rus
097 b Оператор Komarova.ES
100 1_ a Автор Белышева Т. Н.
245 10 a Заглавие О флоре Валдайской возвышенности
260 a Место издания Тверь
b Издательство Тверской государственный университет
504 a Библиография Библиогр.: с. 30 (4 назв.)
520 0_ a Аннотация Статья посвящена флоре Валдайской возвышенности. В статье анализируется флора Валдайской возвышенности: приводятся систематический, эколого-ценотический, географический спектры.
653 0_ a Ключевые слова Валдайская возвышенность
a Ключевые слова Осташков, город
a Ключевые слова Флора
a Ключевые слова Гербарный материал
a Ключевые слова Размещение городов
773 18 w Контрольный № источника 63809cbf-2cfd-421f-b12c-9cde3edccf66
t Название источника Флора и растительность южной тайги
d Место и дата издания Тверь : Тверской государственный университет, 1991
g Прочая информация С. 26-30
901 t Тип документа a
920 a Оператор Кома
954 b Дата поступления в ОК 20220915